000 00966ngm a22002890a 4500
001 PT19582
003 AR-LpoUNG
005 20210202000321.0
007 vd cvaizq
008 191001s1979||||ag |||||||||||||||||eng d
040 _aAR-LpoUNG
_bspa
_cAR-LpoUNG
_eaacr
041 _aeng
_aspa
044 _aag
082 0 _a808.87 578vid
100 1 _aJones, Terry dir
245 1 3 _aLa vida de Brian
260 _aBuenos Aires :
_bBlackman,
_c[1979].
300 _aVHS (90 min.) : son., col.
505 0 _aSubtítulos en castellano
520 _aNace en Judea, en un pesebre, y casi al mismo tiempo que Jesucristo. Tres reyes magos confundidos por esta vecindad, creen que éste niño es el Mesías prometido, pero muy pronto queda evidente que, en realidad, el recién nacido es sencillamente...Brian.
650 4 _aRELIGION
650 4 _aSATIRA
653 _aVIDEOS
710 2 _aMonty Python (grupo humorístico)
905 _a19582
942 _cVIDEO
999 _c54605
_d54605